000
00316nam a2200133Ia 4500
008
210210b1990 xxu||||| |||| 00| 0 eng d
082
_a
346.016 DOWR
100
_a
-
245
_a
Dowry prohibition act 1961.
260
_a
Lucknow
_b
Eastern Book Co
_c
1990
300
_a
37
690
_a
Marriage Law
906
_a
045200
999
_c
94719
_d
94719